=LDR 00000nam 2200000 4500 =001 INLIS000000000007723 =005 20130612095657 =008 ***********************************Ind** =035 ##$$0010-061300000007723 =041 ##$$a Ind =082 ##$$a 794.8 =090 ##$$a 794.8, Ran n =100 ##$$a RANATA, Boyke =245 ##$$a Nintindo Game Boy Secrets Volume I, Boyke Ranata =260 ##$$a 1993 $b Bandung =300 ##$$a 127 hlm., ilus., 21 cm =650 ##$$a Komputer - Mainan